Route entlang der Küste #1 - Statistiken

Allgemein
  • Dieses Quiz wurde 74 mal gespielt
    55 seit der letzten Aktualisierung
  • Das Durchschnittsergebnis liegt bei 14 aus 20
Antworten auf der Karte
Die Antworten werden auf der Karte rot bzw. grün angezeigt, abhängig davon wie oft sie richtig erraten wurden.
 
Antwortstatistiken
Antwort % Korrekt
China
100%
Kambodscha
89%
Vietnam
89%
Thailand
87%
Malaysia
74%
Myanmar
74%
Indien
72%
Bangladesch
70%
Iran
70%
Pakistan
70%
Irak
65%
Katar
61%
Kuwait
61%
Saudi Arabien
61%
Vereinigte Arabische Emirate
61%
Jemen
59%
Oman
59%
Ägypten
50%
Israel
48%
Jordanien
46%
Keine übereinstimmenden Quizze gefunden
Verteilung der Resultate
Anzahl Personen mit jedem Resultat
Perzentil nach korrekt beantworteten Fragen
Ihre Resultats-Entwicklung
Sie haben dieses Quiz seit der letzten Aktualisierung nicht gespielt